01667nam a2200361 a 4500001001200000003000800012006001900020007001500039008004100054010001700095020003900112020003600151020002700187040002100214035002100235050002400256100001700280245012600297246002400423260005500447300002400502504006600526505015200592533015200744600004700896600007500943650005401018650004401072655002901116710001701145856012601162999001701288ebr10395610CaPaEBRm u cr cn|||||||||100303s2009 miua sb 001 0deng d z 2010277385 z9780472116324 (cloth : alk. paper) z0472116320 (cloth : alk. paper) z9780472026692 (e-book) aCaPaEBRcCaPaEBR a(OCoLC)65166357314aPA3081b.B56 2009eb1 aBing, Peter.14aThe scroll and the marbleh[electronic resource] :bstudies in reading and reception in Hellenistic poetry /cPeter Bing.13aScroll & the marble aAnn Arbor :bUniversity of Michigan Press,cc2009. axii, 304 p. :bill. aIncludes bibliographical references (p. 273-291) and indexes.0 apt. 1. Reader and voice in Callimachus and Hellenistic poetry -- pt. 2. Epigram and its audiences -- pt. 3. Inscription and bookroll in Posidippus. aElectronic reproduction.bPalo Alto, Calif. :cebrary,d2013.nAvailable via World Wide Web.nAccess may be limited to ebrary affiliated libraries.00aCallimachusxCriticism and interpretation.00aPosidippus,cof Pella,db. ca. 310 B.C.xCriticism and interpretation. 0aGreek poetry, HellenisticxHistory and criticism. 0aEpigrams, GreekxHistory and criticism. 7aElectronic books.2local2 aebrary, Inc.40uhttp://site.ebrary.com/lib/rucke/Doc?id=10395610zAn electronic book accessible through the World Wide Web; click to view c88323d88323